00338pab a2200109 454500008003600000245006000036362004200096650002100138650002300159650002000182773002600202180718b xxu||||| |||| 00| 0 eng d aSYMPOSIUM: social security: a case cultural perspective a12(1-2), Spring/Summer 1993, p.85-213 a Old Age Poverty a Insurance, Social aSocial Security aPolicy studies Review